Départements ayant le moins d'arrondissements - Statistiques

Statistiques générales
  • Ce quiz a été pris 22 fois
  • Le résultat moyen est 8 sur 13
Statistiques - réponses
Arrondissements Département % Correct
1 Paris
95%
1 Territoire de Belfort
95%
2 Creuse
82%
2 Corse-du-Sud
59%
2 Guadeloupe
59%
2 Landes
59%
2 Lozère
59%
2 Hautes-Alpes
55%
2 Haute-Saône
55%
2 Rhône
55%
2 Alpes-Maritimes
45%
2 Tarn
45%
2 Tarn-et-Garonne
41%
Aucun quiz correspondant
Distribution des résultats
% des personnes avec chaque résultat
Percentile par nombre de réponses
Votre historique - résultats
Vous n’avez pas pris ce quiz